| 000 | 00379nam a22001697a 4500 | ||
|---|---|---|---|
| 003 | SGT | ||
| 020 | _a9788131759530 | ||
| 082 |
_a150 _bF11B |
||
| 100 | _aBARON, ROBERT A. | ||
| 245 | _aFUNDAMENTALS OF SOCIAL PSYCHOLOGY | ||
| 250 | _a1ST | ||
| 260 |
_aINDIA _bPEARSON PUB _c2011 |
||
| 300 | _a229 | ||
| 650 | _aPSYCHOLOGY | ||
| 653 | _aSOCIAL PSYCHOLOGY | ||
| 942 |
_2ddc _cBK |
||
| 999 |
_c27072 _d27072 |
||